000 01492nam a22003495a 4500
003 OSt
005 20231105131233.0
008 170907s1996 ua a grb 000 0 ara d
040 _aEG-ScBUE
_bara
_cEG-ScBUE
043 _af-ua---
082 0 4 _a932.01
_bب ر س
_222
100 1 _aبرستد، جيمس هنري،
_d1935-1868.
245 1 0 _aتاريخ مصر من أقدم العصور إلى الفتح الفارسي /
_cجيمس هنري برستد ؛ ترجمة حسن كمال ؛ راجعه وصححه محمد حسنين الغمراوي.
250 _aط. 2.
260 _aالقاهرة :
_bمكتبة مدبولي،
_c1996.
300 _a409 ص. :
_bإيض. ؛
_c24 سم.
490 0 _aصفحات من تاريخ مصر ؛
_v4
500 _aيشتمل على قائمة أسماء.
504 _aيشتمل على إرجاعات ببليوجرافية.
650 _2BUEsh
651 7 _aمصر
_xتاريخ قديم.
_2BUEsh
651 7 _aمصر
_xتاريخ
_z.العصر الفرعوني، 2980-2475 ق. م.
_2BUEsh
651 7 _aمصر
_xتاريخ
_zالعصر اليوناني.
_2BUEsh
651 7 _aمصر
_xتاربخ
_zعصر الولاه، 640-868.
_2BUEsh
653 _bGGEN
_bBUSBOL
_cSeptember2017
700 1 _aكمال، حسن،
_eمترجم.
700 1 _aغمراوي، حمد حسنين،
_eمراجع.
942 _2ddc
_hRDA-MOD
999 _c25445
_d25417
336 _2rdacontent
_aنص
_btxt
337 _aبدون وسيط
_2rdamedia
_bn
338 _aمجلد
_bnc
_2rdacarrier